000 00972nam a2200277 a 4500
001 000115906
003 CHAP
005 20220329144553.0
008 190724s2018 mx |r| ||||||spa d
010 _a112367
011 _a113339
020 _a9786078621088
040 _cCHAP
082 0 4 _a633.1748097212
_bM53
100 1 _aMendoza Bocanegra, Gerardo.
_9136576
245 1 0 _aPropuesta de estrategia orientada a lograr una producción sustentable del sorgo en el estado de Tamaulipas al año 2030 /
_cpor Gerardo Mendoza Bocanegra.
260 _aMéxico, D.F. :
_bCámara de Diputados LXIV Legislatura, Centro de Estudios para el Desarrollo Rural Sustentable y la Soberanía Alimentaria,
_c2018.
300 _a132 p.
590 _aBATCH-UPD
_b05
_c20190724
_lUCH01
_h0956
590 _aE5765TAJ
_b05
_c20190724
_lUCH01
_h0955
650 1 4 _aSorgo
_xProducción.
_9108709
650 1 4 _aSorgo
_xTamaulipas.
_9108726
901 _aBK
942 _cLIBRO
942 _n0
999 _c112367
_d112367